00938cam a22002657i 4500008004100000020002500041100002600066245012900092264004100221300004400262500002000306504004100326650002500367650002600392650004300418650003700461650003900498650003600537650002600573650002500599700002100624003000100645005001700646040000900663  a9781931884976 (hbk.)1 aLester, Susan Carole.10aDiagnostic pathology.pIntraoperative consultation /cSusan C. Lester [...et al] ; contributors, Lynn D. Cornell [...et al]. 1aPhiladelphia, PA :bElsevier,c2014. axv, 319, xxix p. :bcol. ill. ;c29 cm. aIncludes index. aIncludes bibliographical references. 0aPathology, Surgical. 0aMedical consultation.12aPathology, SurgicalxmethodsvAtlases.22aCytodiagnosisxmethodsvAtlases.22aFrozen SectionsxmethodsvAtlases.22aIntraoperative PeriodvAtlases. 7aMedical consultation. 7aPathology, Surgical.1 aCarnell, Lynn D.20230120204229.0 cNUST